00446nam a2200181Ia 4500008004100000020001800041050001400059100001900073245002800092245004500120260001500165260001600180260000900196300001400205300002700219300001000246500000800256170918s9999 xx 000 0 und d a9780439521536 bC947 2002 aCronin, Doreen aGiggle, giggle, quack / cDoreen Cronin ; pictures by Betsy Lewin. aNew York : bScholastic, c2002 aunpaged : bcolored illustration ; c26cm. a330